000 00667nam a22002417a 4500
003 BUBTL
008 230925b ||||| |||| 00| 0 eng d
020 _a9843204068
041 _aEnglish
082 _a343.5492/ H1939m/ 2014
100 _95481
_aHanif, Md. Abu
245 _aMass Media and Cyber Laws of Bangladesh/
_bMd. Abu Hanif
250 _a1st ed.
260 _aDhaka
_bNational Law Book House
_cc2014
300 _a626p. :
_bill. ; 21 cm.
500 _aIncludes Bibliography
526 _aLaw
650 0 _92102
_aLaw
700 _95482
_aMd. Abu Hanif
856 _k0
_l0
_yDownload
942 _2ddc
_cBK
999 _c7099
_d7099